Loading...
| Literature - American Literature | 0 | 5 | 0 | 2 | 50 | 92 | 119.40 | 1 | 5 |
| Fine Arts - Other Arts | 2 | 2 | 0 | 0 | 50 | 72 | 92.00 | 3 | 4 |
| Auditory Arts | 0 | 5 | 0 | 0 | 50 | 103 | 112.80 | 3 | 5 |
| Literature - European Literature | 0 | 5 | 1 | 0 | 45 | 94 | 112.00 | 0 | 5 |
| Visual Arts | 0 | 5 | 2 | 0 | 40 | 85 | 106.00 | 4 | 5 |
| Beliefs | 0 | 4 | 0 | 3 | 40 | 79 | 113.00 | 0 | 4 |
| Literature - World Literature | 0 | 3 | 1 | 0 | 25 | 88 | 112.33 | 0 | 3 |
| Social Science | 0 | 2 | 0 | 1 | 20 | 111 | 116.00 | 0 | 2 |
| Science - Other Science | 0 | 1 | 0 | 1 | 10 | 129 | 129.00 | 0 | 1 |
| Literature - British Literature | 0 | 1 | 0 | 0 | 10 | 83 | 83.00 | 0 | 1 |
| History - European History | 0 | 1 | 0 | 0 | 10 | 112 | 112.00 | 0 | 1 |
| History - World History | 0 | 1 | 0 | 0 | 10 | 107 | 107.00 | 0 | 1 |
| Philosophy | 0 | 1 | 1 | 0 | 5 | 93 | 93.00 | 0 | 1 |
| Science - Biology | 0 | 1 | 1 | 0 | 5 | 122 | 122.00 | 1 | 1 |
| Science - Physics | 0 | 0 | 1 | 0 | -5 | 0.00 | 0 | 0 | |
| History - Ancient History | 0 | 0 | 1 | 0 | -5 | 0.00 | 0 | 0 | |
| History - Other History | 0 | 0 | 2 | 0 | -10 | 0.00 | 0 | 0 |